[Event "12th Open"]
[Site "Malaga ESP"]
[Date "2009.07.16"]
[Round "7"]
[White "Fomani,M"]
[Black "Velasco Gomez,E"]
[Result "1-0"]
[WhiteElo "2036"]
[BlackElo "1851"]

1.d4 Nf6 2.Bg5 e6 3.e4 d6 4.Nc3 Be7 5.Qd2 a6 6.a4 b6 7.Nf3 Bb7 8.Bd3 Nbd7
9.O-O O-O 10.Rad1 Rc8 11.Qe2 c5 12.e5 Ne8 13.Bxe7 Qxe7 14.exd6 Nxd6 15.Rfe1 c4
16.Be4 Nxe4 17.Nxe4 Nf6 18.Nxf6+ Qxf6 19.Ne5 b5 20.axb5 axb5 21.c3 Rfd8 22.Ra1 Ra8
23.f3 Qe7 24.Qd2 f6 25.Ng4 Rxa1 26.Rxa1 Ra8 27.Rxa8+ Bxa8 28.Qf4 Kf7 29.Qb8 Qe8
30.Qa7+ Kf8 31.h4 Bd5 32.Qc5+ Kg8 33.Ne3 Qc6 34.Qe7 h5 35.Kf2 Kh7 36.Nf1 Qb7
37.Qe8 g6 38.Qf8 Qg7 39.Qc5 Qb7 40.Ng3 Kg7 41.Ne2 Kf7 42.Qd6 Qc6 43.Qd8 Qe8
44.Qc7+ Qe7 45.Qb8 Qe8 46.Qb6 Qc6 47.Qa5 Qb7 48.Nf4 Qd7 49.Qb6 Qb7 50.Qd8 Qe7
51.Qxe7+ Kxe7 52.Nxg6+ Kf7 53.Nf4 Bc6 54.Nxh5 Be8 55.Nf4 e5 56.dxe5 fxe5
57.Nd5 Kg6 58.g4 Bd7 59.Ke3 Kf7 60.h5 Bc6 61.Nb4 Bd7 62.Na6 Kf6 63.Nc5 Bc6
64.Ne4+ Kg7 65.g5 Bd7 66.f4 Bg4 67.h6+ Kg6  1-0

[Event "12th Open"]
[Site "Malaga ESP"]
[Date "2009.07.17"]
[Round "8"]
[White "Bellon Lopez,JuM"]
[Black "Nava Baro,E"]
[Result "0-1"]
[WhiteElo "2445"]
[BlackElo "2201"]

1.d4 Nf6 2.Bg5 e6 3.e4 Be7 4.Bd3 c5 5.c3 Qb6 6.Ne2 Qxb2 7.Nd2 Qb6 8.Nc4 Qc7
9.e5 d5 10.Na3 Nfd7 11.Bxe7 Kxe7 12.Qd2 a6 13.Qg5+ Kf8 14.O-O Nc6 15.f4 Qd8
16.Qh5 f5 17.g4 g6 18.Qh6+ Kg8 19.gxf5 exf5 20.Bxf5 gxf5 21.Qe6+ Kg7 22.Ng3 Nf6
23.Qxf6+ Qxf6 24.Nh5+ Kf7 25.Nxf6 cxd4 26.cxd4 Nxd4 27.Rad1 Ne2+ 28.Kg2 Be6
29.Rd3 Rac8 30.Rff3 d4 31.Kf2 Nc1 32.Rxd4 Nxa2 33.Rd6 Rhd8 34.Nxh7 Rxd6 35.Ng5+ Ke7
36.exd6+ Kxd6 37.Rd3+ Bd5 38.Nf7+ Ke6 39.Ng5+ Kd6 40.Nf7+ Kc5 41.Ne5 b5 42.Nd7+ Kb4
43.Rxd5 Kxa3 44.Rxf5 Nc3 45.Kf3 a5 46.Rc5 Rxc5 47.Nxc5 b4 48.f5 b3 49.Nxb3 Kxb3
50.f6 Nb5 51.h4 Nd6 52.h5 a4 53.h6 a3  0-1

[Event "Canadian Open"]
[Site "Edmonton CAN"]
[Date "2009.07.19"]
[Round "9"]
[White "Mikhalevski,V"]
[Black "Reeve,J"]
[Result "1-0"]
[WhiteElo "2631"]
[BlackElo "2233"]

1.d4 Nf6 2.Bg5 e6 3.Nf3 c5 4.e3 b6 5.Nbd2 Be7 6.c3 Bb7 7.Bd3 d6 8.O-O Nbd7
9.a4 O-O 10.a5 Nd5 11.Bxe7 Qxe7 12.Bb5 Rfc8 13.Re1 Nc7 14.Bf1 b5 15.e4 e5
16.b4 c4 17.g3 g6 18.Bg2 a6 19.Qc2 Ne6 20.Nf1 Ng5 21.Nxg5 Qxg5 22.Rad1 Qe7
23.Ne3 Nf6 24.Nd5 Nxd5 25.exd5 f6 26.f4 Qg7 27.dxe5 fxe5 28.fxe5 dxe5 29.d6 Bxg2
30.Qxg2 Ra7 31.Qd5+ Qf7 32.Qxe5 Rd8 33.Rd4 Rad7 34.Rf4  1-0

[Event "32nd Taminco Open"]
[Site "Ghent BEL"]
[Date "2009.07.20"]
[Round "5"]
[White "Docx,S"]
[Black "Briscoe,C"]
[Result "1/2-1/2"]
[WhiteElo "2384"]
[BlackElo "2268"]

1.d4 Nf6 2.Bg5 e6 3.e4 h6 4.Bxf6 Qxf6 5.c3 d6 6.Bd3 Qg5 7.Nf3 Qxg2 8.Rg1 Qh3
9.Nbd2 Nc6 10.d5 Ne7 11.Bb5+ c6 12.Nc4 Nxd5 13.exd5 cxb5 14.Ne3 e5 15.a4 bxa4
16.Rxa4 g5 17.Nc4 b5 18.Rg3 Qd7 19.Ncxe5 Qf5 20.Nd4 Qe4+ 21.Ne2 Qxa4 22.b3 Qe4
23.Nc6 Be6 24.dxe6 Qxc6 25.Qd4 Rh7 26.Qf6 Be7 27.Qf5 Rg7 28.Nd4 Qc5 29.Qg4 Bf6
30.Qf3 Qe5+ 31.Kf1 Rd8 32.Nc6 Qxe6 33.Nxd8 Bxd8 34.Qa8 Qd7 35.h4 Kf8 36.h5 f5
37.Rd3 Re7 38.Qb8 Re6 39.Rd5 Qe7 40.Rxf5+ Kg7 41.Kg2 Re1 42.Rf3 g4 43.Rf4 Re4
44.Rf5 Bb6 45.Qa8 g3 46.fxg3 Re2+ 47.Kh3 Bg1 48.Qf3 Qe6 49.Qg4+ Kh7 50.Rf7+ Qxf7
51.Qxe2  1/2-1/2

[Event "2nd Open"]
[Site "Paleohora GRE"]
[Date "2009.07.21"]
[Round "1"]
[White "Ifantis,I"]
[Black "Moradiabadi,E"]
[Result "0-1"]
[WhiteElo "1808"]
[BlackElo "2542"]

1.d4 Nf6 2.Bg5 e6 3.Nf3 h6 4.Bf4 b6 5.e3 Bb7 6.Nbd2 d6 7.Bd3 Nbd7 8.c4 g5
9.Bg3 Nh5 10.Qe2 Bg7 11.O-O-O Qe7 12.Kb1 f5 13.e4 f4 14.e5 O-O-O 15.Bg6 dxe5
16.dxe5 Nhf6 17.h3 fxg3 18.fxg3 Nc5 19.Nb3 Nxb3 20.axb3 Nd7 21.Be4 Nc5 22.Bxb7+ Nxb7
23.Nd4 Na5 24.Qe4 Kb8 25.Kc2 Rhf8 26.Ra1 Rf2+ 27.Kc3 Rxd4 28.Qxd4 Nc6 29.Qxf2 Bxe5+
30.Kc2 Nb4+ 31.Kd1 a5 32.Rf1 Qh7 33.Qd2 Bxg3 34.Rf3 Bf4 35.Qe2 e5 36.g3 e4
37.Rxf4 gxf4 38.gxf4 Qd7+ 39.Qd2 Qxh3 40.Rc1 Qxb3+ 41.Ke1 Nd3+ 42.Ke2 Nxc1+
43.Qxc1 Qf3+ 44.Ke1 Qh1+ 45.Kd2 e3+ 46.Kc2 Qe4+ 47.Kd1 e2+  0-1

[Event "2nd Open"]
[Site "Paleohora GRE"]
[Date "2009.07.23"]
[Round "4"]
[White "Meijers,V"]
[Black "Milonakis,G"]
[Result "1/2-1/2"]
[WhiteElo "2483"]
[BlackElo "2118"]

1.d4 Nf6 2.Bg5 e6 3.e4 c5 4.e5 h6 5.Bc1 Ne4 6.Bd3 d5 7.exd6 Nxd6 8.dxc5 Nf5
9.Bxf5 Qxd1+ 10.Kxd1 exf5 11.b4 a5 12.c3 b6 13.Nf3 bxc5 14.Re1+ Be6 15.bxc5 Bxc5
16.Be3 Na6 17.Bxc5 Nxc5 18.Kc2 O-O-O 19.Nd4 Bc4 20.Na3 Bd3+ 21.Kd2 Rhe8 22.f3 f4
23.Rxe8 Rxe8 24.Re1 Rxe1 25.Kxe1 Kd7 26.Ne2 g5 27.Nc1 Ba6 28.c4 Kd6 29.Kd2 Ke5
30.Nb3 Nxb3+ 31.axb3 h5 32.h3 f5 33.Nc2 g4 34.Kd3 Bb7 35.Ne1 h4 36.Kc3 Ba8
37.Nd3+ Kd6 38.fxg4 fxg4 39.Nxf4 gxh3 40.gxh3 Be4 41.Kd4 Bf5 42.Ng2 Bxh3
43.Nxh4 Bg4 44.Ng2 Bd1 45.Kc3 Kc5 46.Nf4 Kd6 47.Nd3 Kc6 48.Nb2 Bh5 49.Na4 Bd1
50.Kb2 Bh5 51.Kc3 Bd1 52.Nb2 Bh5 53.Kd4 Bf7 54.Nd3 Bg8 55.Ne5+ Kb6 56.Nd7+ Kc6
57.Nf6 Bf7 58.Ng4 Bg8 59.Nf6 Bf7 60.Nd5 Bh5  1/2-1/2

[Event "ch-PUR"]
[Site "Caguas PUR"]
[Date "2009.07.25"]
[Round "9"]
[White "Montanez Nazario,R"]
[Black "Vazquez Reyes,R"]
[Result "1-0"]
[WhiteElo "2081"]
[BlackElo "2147"]

1.d4 Nf6 2.Bg5 e6 3.e4 h6 4.Bxf6 Qxf6 5.Nf3 d5 6.Nc3 Bb4 7.e5 Qd8 8.Bd3 c5
9.a3 cxd4 10.axb4 dxc3 11.bxc3 Qc7 12.Ra3 Nd7 13.Qe2 Nb6 14.Nd4 Bd7 15.f4 O-O
16.O-O a6 17.Rf3 f5 18.h3 Nc8 19.g4 Ne7 20.gxf5 Nxf5 21.Bxf5 exf5 22.Rg3 Qb6
23.e6 Rae8 24.Qg2 Rxe6 25.Rxg7+ Kh8 26.Kh2 Ree8 27.Ra1 Bc8 28.Rg1 Qf6 29.Rg6 Qh4
30.Nf3 Qxf4+ 31.Kh1 Qe3 32.Rg7 Qxc3 33.Rh7+  1-0

[Event "ch-Euro Senior"]
[Site "Rogaska Slatina SLO"]
[Date "2009.07.25"]
[Round "4"]
[White "Nickl,K"]
[Black "Vucenovic,D"]
[Result "1/2-1/2"]
[WhiteElo "2150"]
[BlackElo "2309"]

1.d4 Nf6 2.Bg5 e6 3.e4 h6 4.Bxf6 Qxf6 5.c3 d6 6.Bd3 e5 7.Ne2 Qg5 8.O-O Bh3
9.Ng3 Bd7 10.Qd2 Qxd2 11.Nxd2 Nc6 12.d5 Ne7 13.c4 Ng6 14.Rfc1 Nf4 15.Bf1 g6
16.f3 h5 17.Nh1 h4 18.Nf2 Bh6 19.Rc2 Nh5 20.Re1 b6 21.Nd3 a5 22.b3 O-O 23.a3 Nf4
24.g3 Nxd3 25.Bxd3 Bg5 26.Nb1 c5 27.dxc6 Bxc6 28.Nc3 Rfc8 29.Kf2 Rab8 30.a4 Kg7
31.Rd1 Be7 32.Rdc1 hxg3+ 33.hxg3 Rh8 34.Kg2 Bg5 35.Rh1 Be3 36.Nd5 Bc5 37.Rcc1 Bxd5
38.cxd5 Rxh1 39.Rxh1 Be3 40.Re1 Bg5 41.Re2 Rc8 42.Rc2 Rc5 43.Kh3 Be3 44.Rxc5  1/2-1/2

[Event "zt 3.3"]
[Site "Ho Chi Minh City VIE"]
[Date "2009.07.26"]
[Round "6"]
[White "Nguyen Hung Cuong"]
[Black "Nguyen Van Hai"]
[Result "1/2-1/2"]
[WhiteElo "2035"]
[BlackElo "2249"]

1.d4 Nf6 2.Bg5 e6 3.e4 h6 4.Bxf6 Qxf6 5.c3 d6 6.Bd3 c5 7.Ne2 Nc6 8.O-O cxd4
9.cxd4 Bd7 10.Bc4 g5 11.Nbc3 a6 12.d5 Ne5 13.dxe6 fxe6 14.Bb3 g4 15.Qd4 h5
16.Na4 Rd8 17.Kh1 Be7 18.Nb6 Bb5 19.Ba4 Nc6 20.Bxb5 axb5 21.Qd2 Qg5 22.Qc3 Rf8
23.a4 b4 24.Qc4 Qc5 25.a5 Qxc4 26.Nxc4 d5 27.exd5 exd5 28.Nd2 Bc5 29.a6 b6
30.f4 Kd7 31.f5 Rde8 32.Ng3 h4 33.Nh5 g3 34.f6 Bf2 35.Nf3 d4 36.Nxh4 Rh8
37.f7 Ref8 38.Ng6 Rxh5 39.Nxf8+ Ke7 40.h3 Kxf8 41.a7 Nxa7 42.Rxa7 Rf5 43.Rb7 Rd5
44.Rc1 Rd8 45.Rc6 Ra8 46.Rc1 Be3 47.Rf1 Bf2 48.Rc1 Be3 49.Rf1 Bf2 50.Rc1 d3
51.Rd7 d2 52.Rxd2 Be3 53.Rdd1 Bxc1 54.Rxc1 Rd8 55.Kg1 Rd2 56.b3 Rb2 57.Kf1 Rxb3
58.Rc6 Rb1+ 59.Ke2 b3 60.Rxb6 b2 61.Kd3 Kxf7 62.Rb4 Rd1+ 63.Kc2 Rg1 64.Kxb2 Kf6
65.Ka2 Kf5 66.Rg4 Rxg2+ 67.Kb1 Kf6 68.Ka1 Kf5 69.Kb1 Ke5 70.Ka1 Kf5 71.Kb1 Rg1+
72.Kb2 g2 73.Ka2 Ke5 74.Kb2 Kd5 75.Ka2 Kc5 76.Kb2 Rh1 77.Rxg2 Rxh3  1/2-1/2

[Event "Continental ch-Americas"]
[Site "Sao Paulo BRA"]
[Date "2009.07.26"]
[Round "2"]
[White "Hirota da Silva,N"]
[Black "Branchini,F"]
[Result "1/2-1/2"]
[WhiteElo "2067"]
[BlackElo "1838"]

1.d4 Nf6 2.Bg5 e6 3.e4 Be7 4.e5 Nd5 5.Bd2 d6 6.c4 Nb6 7.exd6 cxd6 8.Nf3 Nc6
9.Bc3 d5 10.c5 Nd7 11.b4 a6 12.a4 b6 13.b5 axb5 14.axb5 Rxa1 15.bxc6 Ra7
16.cxd7+ Bxd7 17.cxb6 Qxb6 18.Bd3 O-O 19.O-O Rc8 20.Ne5 Be8 21.Re1 Rac7 22.Bd2 Qxd4
23.Ba5 Bc5 24.Bxc7 Qxf2+ 25.Kh1 Rxc7 26.Rf1  1/2-1/2

[Event "XXXV d'Esca Open"]
[Site "Sitges ESP"]
[Date "2009.07.26"]
[Round "5"]
[White "Moskalenko,V1"]
[Black "Seger,R"]
[Result "1/2-1/2"]
[WhiteElo "2558"]
[BlackElo "2405"]

1.d4 Nf6 2.Bg5 e6 3.Nd2 c5 4.e3 Be7 5.c3 b6 6.Ngf3 Bb7 7.Bd3 O-O 8.O-O cxd4
9.exd4 d6 10.Re1 Nbd7 11.a4 a6 12.Qe2 Re8 13.Nc4 Qc7 14.Nfd2 Nd5 15.Bxe7 Rxe7
16.Qg4 N7f6 17.Qg3 Rd8 18.Ne3 Nxe3 19.Rxe3 Ree8 20.Qh4 h6 21.Rg3 Kf8 22.Nc4 e5
23.Ne3 Bc8 24.h3 Qc6 25.dxe5 dxe5 26.Bf5 e4 27.Bxc8 Qxc8 28.Ng4 Nxg4 29.Rxg4 Qe6
30.Re1 g5 31.Qh5 f5 32.Rg3 f4 33.Rg4 Kg7 34.g3 e3 35.fxe3 fxe3 36.Rd4 Rxd4
37.cxd4 e2 38.Kg2 Qe4+ 39.Qf3 Qxd4 40.Rxe2 Qxa4  1/2-1/2

[Event "zt 3.3"]
[Site "Ho Chi Minh City VIE"]
[Date "2009.07.28"]
[Round "8"]
[White "Bui Vinh"]
[Black "Nguyen Van Huy"]
[Result "1/2-1/2"]
[WhiteElo "2517"]
[BlackElo "2414"]

1.d4 Nf6 2.Bg5 e6 3.e4 c5 4.e5 h6 5.Bc1 Nh7 6.d5 d6 7.Bb5+ Bd7 8.Nc3 Bxb5
9.Nxb5 a6 10.Nxd6+ Bxd6 11.exd6 Qxd6 12.dxe6 Qxe6+ 13.Qe2 Qxe2+ 14.Nxe2 Nd7
15.Bf4 Nhf8 16.O-O-O Ne6 17.Bd6 O-O-O 18.Nc3 b6 19.Nd5 Kb7 20.Be7 Rde8 21.Rhe1 Nb8
22.Bh4 Nd4 23.Ne3 Re4 24.Bg3 Rhe8 25.c3 Ndc6 26.Rd5 Ne7 27.Re5 Rxe5 28.Bxe5 Nbc6
29.Bg3 Nf5 30.Rd1 Nxg3 31.hxg3 Kc7 32.Nf5 Rg8 33.g4 Nd8 34.Kc2 Ne6 35.g3 Rh8
36.a4 g6 37.Ne7 Ng5 38.Nd5+ Kc6 39.Nf6 Nh7 40.Nxh7 Rxh7 41.Rh1 Kd5 42.Kd3 Rh8
43.c4+ Kd6 44.f4 f5 45.gxf5 gxf5 46.Rh5 Ke6 47.Ke3 Kf6 48.Kf3 Kg6 49.g4 Rf8
50.Rh2 fxg4+ 51.Kxg4 Rd8 52.a5 Rd4 53.axb6 Rxc4 54.Rd2 h5+ 55.Kf3 Rb4 56.Rd6+ Kf5
57.Rd5+ Kg6  1/2-1/2

[Event "zt 3.3"]
[Site "Ho Chi Minh City VIE"]
[Date "2009.07.29"]
[Round "9"]
[White "Nguyen Huynh Minh Huy"]
[Black "Megaranto,S"]
[Result "0-1"]
[WhiteElo "2500"]
[BlackElo "2534"]

1.d4 Nf6 2.Bg5 e6 3.e3 c5 4.c3 b6 5.Nd2 Bb7 6.Ngf3 Be7 7.Bd3 O-O 8.Bxf6 Bxf6
9.Qe2 Nc6 10.g4 d5 11.O-O-O c4 12.Bc2 b5 13.g5 Be7 14.Ne5 Nxe5 15.dxe5 d4
16.Be4 d3 17.Qf3 Bd5 18.Rhg1 g6 19.Rg4 Qa5 20.Bxd5 exd5 21.Qxd5 Qa4  0-1

[Event "ZMD Open"]
[Site "Dresden GER"]
[Date "2009.07.30"]
[Round "6"]
[White "Jugelt,T"]
[Black "Moeller,H"]
[Result "1/2-1/2"]
[WhiteElo "2398"]
[BlackElo "2171"]

1.d4 Nf6 2.Bg5 e6 3.e3 h6 4.Bxf6 Qxf6 5.f4 d6 6.Nf3 Nd7 7.g3 g6 8.Bg2 Bg7
9.O-O Qe7 10.Nbd2 O-O 11.c3 Rb8 12.a4 b6 13.Qb3 c5 14.Rf2 Kh7 15.Nc4 Bb7
16.Re1 a6 17.e4 d5 18.Ncd2 dxe4 19.Nxe4 cxd4 20.cxd4 Nf6 21.Nxf6+ Bxf6 22.Ne5 Qd6
23.Rd1 Bxg2 24.Kxg2 Bg7 25.Rc2 Rfc8 26.Rc3 Rc7 27.Nf3 b5 28.Rxc7 Qxc7 29.Rd2 Rb6
30.axb5 Rxb5 31.Qd3 Qb7 32.Qe2 g5 33.fxg5 hxg5 34.g4 Bf8 35.Rc2 Be7 36.d5 Rxd5  1/2-1/2

[Event "ZMD Open"]
[Site "Dresden GER"]
[Date "2009.07.30"]
[Round "6"]
[White "Pluemer,D"]
[Black "Ohme,M"]
[Result "1/2-1/2"]
[WhiteElo "2172"]
[BlackElo "2302"]

1.d4 Nf6 2.Bg5 e6 3.Nd2 Be7 4.e3 d5 5.Bd3 h6 6.Bh4 Nbd7 7.f4 c5 8.c3 b6 9.Ngf3 Bb7
10.Ne5 g5 11.Bg3 Qc8 12.f5 Nxe5 13.Bxe5 exf5 14.Qc2 f4 15.Bf5 Qc6 16.exf4  1/2-1/2

[Event "16th ORDIX Open"]
[Site "Mainz GER"]
[Date "2009.08.01"]
[Round "4"]
[White "Schneider,Il"]
[Black "Navara,D"]
[Result "0-1"]
[WhiteElo "2508"]
[BlackElo "2687"]

1.d4 Nf6 2.Bg5 e6 3.e4 h6 4.Bxf6 Qxf6 5.Nc3 d6 6.Qd2 g5 7.h4 g4 8.h5 a6 9.O-O-O Nd7
10.f4 gxf3 11.Nxf3 b5 12.e5 Qg7 13.exd6 Bxd6 14.Ne4 Bb7 15.Bd3 Rg8 16.Nxd6+ cxd6
17.Qf4 Ke7 18.d5 Bxd5 19.Be4 Qf6 20.Qd2 Nb6 21.Qe3 Nc4 22.Qd2 Nb6 23.Bxd5 Nxd5
24.Rhe1 Qf4  0-1

[Event "Czech Open A"]
[Site "Pardubice CZE"]
[Date "2009.08.01"]
[Round "9"]
[White "Mamedov,Rau"]
[Black "Stupak,K"]
[Result "1/2-1/2"]
[WhiteElo "2645"]
[BlackElo "2449"]

1.d4 Nf6 2.Bg5 e6 3.e4 h6 4.Bxf6 Qxf6 5.Nc3 b6 6.Qd2 Bb7 7.a3 g6 8.O-O-O Bg7
9.f4 Qe7 10.Nf3 d6 11.h4 h5 12.Ng5 Nd7 13.Bc4 Bh6 14.Kb1 O-O-O 15.Qe2 Kb8
16.Rhf1 Rhe8 17.g3 Nf6 18.Bb5 c6 19.Ba6 Bxa6 20.Qxa6 d5 21.Qe2 Ng4 22.e5 Rc8
23.Na2 Qb7 24.Rf3 Bf8 25.Rb3 Nh6 26.Nb4 Ka8 27.Nd3 c5 28.dxc5 Bxc5 29.Nxc5 Rxc5
30.Nf3 Nf5 31.Nd4 Nxd4 32.Rxd4 Rec8 33.Rbd3 Qa6 34.c3 Rc4 35.Rd2 Qb7 36.Qf3 Rxd4
37.Rxd4 Rc4 38.Rd2 Qc7 39.Re2 Kb8  1/2-1/2

[Event "9th Open"]
[Site "Brasschaat BEL"]
[Date "2009.08.16"]
[Round "2"]
[White "Vandenbussche,T"]
[Black "Goverde,Ru"]
[Result "1-0"]
[WhiteElo "2282"]
[BlackElo "1936"]

1.d4 Nf6 2.Bg5 e6 3.e4 h6 4.Bxf6 Qxf6 5.c3 d6 6.Bd3 e5 7.Ne2 Qg5 8.O-O Bh3
9.Ng3 Bg4 10.Qb3 b6 11.Bc4 Qf6 12.Na3 Be7 13.f3 Be6 14.f4 Bxc4 15.Qxc4 Qe6
16.Qxc7 Qd7 17.Qxd7+ Nxd7 18.Nb5 O-O 19.Nf5 Bf6 20.Nbxd6 exd4 21.e5 Bd8 22.cxd4 Nb8
23.d5 Na6 24.e6 Bc7 25.e7 Bxd6 26.Nxd6  1-0

[Event "24th ICT Acropolis"]
[Site "Chalkida GRE"]
[Date "2009.08.17"]
[Round "8"]
[White "Stavrianakis,I"]
[Black "Papadopoulos,I"]
[Result "0-1"]
[WhiteElo "2240"]
[BlackElo "2450"]

1.d4 Nf6 2.Bg5 e6 3.e4 c5 4.Nf3 cxd4 5.Bxf6 Qxf6 6.Qxd4 Qd8 7.c3 Nc6 8.Qd1 Bc5
9.Bd3 O-O 10.O-O d6 11.Qc2 e5 12.Nbd2 Bg4 13.h3 Bh5 14.Be2 Bg6 15.Rad1 Rc8
16.Qd3 Qe7 17.b4 Bb6 18.Nc4 Rfd8 19.b5 Na5 20.Nxb6 axb6 21.Qe3 Qc7 22.Nh4 Qc5
23.Nxg6 hxg6 24.Rc1 Qxe3 25.fxe3 Nc4 26.Rfe1 Kf8 27.Kf2 Ke7 28.Red1 Nb2 29.Rd2 Na4
30.c4 Ra8 31.Kf3 Nc5 32.Rc3 Ra4 33.Bd1 Rb4 34.Bb3 Ra8 35.Rd5 Ra3 36.Rc2 Nxb3
37.axb3 Rbxb3 38.Rcd2 Rxe3+ 39.Kf2 Rxe4 40.Rxd6 Rxc4 41.Rd7+ Kf6 42.Rxb7 Rf4+
43.Kg1 Kg5 44.Rxb6 f5 45.Kh2 Ra1 46.g3 Rb4 47.h4+ Kh5 48.Kh3 Ra3 49.Kh2 Rab3
50.Rd8 g5 51.hxg5 Kg4 52.g6 Rb2+ 53.Kg1 R4b3 54.Rb7 Kxg3 55.Rd1 Rb1 56.Rd7 Rxb5  0-1

[Event "9th Open"]
[Site "Brasschaat BEL"]
[Date "2009.08.19"]
[Round "5"]
[White "Nieto,E"]
[Black "Schuermans,R"]
[Result "1-0"]
[WhiteElo "2246"]
[BlackElo "2088"]

1.d4 Nf6 2.Bg5 e6 3.Nc3 d5 4.e4 Bb4 5.e5 h6 6.Bc1 Ne4 7.Qg4 Kf8 8.Ne2 c5
9.a3 cxd4 10.axb4 dxc3 11.Nxc3 Qb6 12.Qf4 Nxc3 13.bxc3 Qc7 14.Qg3 Nd7 15.f4 f6
16.Be2 f5 17.Bh5 Kg8 18.O-O Nf8 19.Kh1 Bd7 20.Qf2 Bb5 21.Rg1 b6 22.Be3 Rc8
23.Bd4 g6 24.g4 Kh7 25.gxf5 exf5 26.e6 Be8 27.Qh4 Rg8 28.Qf6 Qxf4 29.Qe7+  1-0

[Event "24th Open"]
[Site "Schwarzach AUT"]
[Date "2009.08.20"]
[Round "6"]
[White "Smirnov,Arte"]
[Black "Meyer Cording,C"]
[Result "1-0"]
[WhiteElo "2441"]
[BlackElo "2133"]

1.d4 Nf6 2.Bg5 e6 3.e4 Be7 4.e5 Nd5 5.Bxe7 Nxe7 6.Nf3 b6 7.Bd3 Bb7 8.Nbd2 d6
9.Qe2 Nd7 10.Ne4 dxe5 11.Nxe5 Nxe5 12.dxe5 O-O 13.O-O-O Ng6 14.Nf6+ gxf6
15.Bxg6 hxg6 16.Rxd8 Rfxd8 17.exf6 Rd5 18.Rd1 Rf5 19.f3  1-0

[Event "Open A"]
[Site "Panevezys LTU"]
[Date "2009.08.21"]
[Round "7"]
[White "Giedraityte,A"]
[Black "Upmanis,G"]
[Result "0-1"]
[WhiteElo "1749"]
[BlackElo "2004"]

1.d4 Nf6 2.Bg5 e6 3.Nc3 c5 4.e3 h6 5.Bxf6 Qxf6 6.Ne4 Qd8 7.dxc5 Bxc5 8.Qg4 Qa5+
9.c3 O-O 10.Nf6+ Kh8 11.Nh5 Rg8 12.b4 Qa3 13.Qc4 Be7 14.Nf3 d5 15.Qb3 Qxb3
16.axb3 g6 17.Nf4 Bf6 18.Rc1 Nc6 19.Be2 Ne7 20.Nd3 b6 21.c4 Bb7 22.O-O Rad8
23.Nde5 Kg7 24.c5 Rc8 25.Rc2 a6 26.Nd7 Rgd8 27.Nxb6 Rc7 28.b5 axb5 29.Bxb5 Nc6
30.Bxc6 Bxc6 31.Nd4 Be8 32.b4 e5 33.Nb3 d4 34.Rd1 d3 35.Ra2 e4 36.Na4 Rb7
37.Nb6 Bc3 38.Nd2 f5 39.Nbc4 Rxb4 40.f3 Kf8 41.Nd6 Ba4 42.Rf1 Bc2 43.N2c4 Bb3
44.c6 Bxa2 45.c7 Rc8 46.Nxc8 Rxc4  0-1

[Event "XXVI Open A"]
[Site "Collado Villalba ESP"]
[Date "2009.08.22"]
[Round "2"]
[White "Solaesa Navalpotro,L"]
[Black "Lorite Cruz,F"]
[Result "1/2-1/2"]
[WhiteElo "2223"]
[BlackElo "2084"]

1.d4 Nf6 2.Bg5 e6 3.e4 h6 4.Bxf6 Qxf6 5.Nc3 Bb4 6.Qd2 d6 7.Nge2 e5 8.a3 Bxc3
9.Nxc3 c6 10.d5 c5 11.Nb5 Qe7 12.a4 O-O 13.Bd3 Na6 14.c3 Nc7 15.O-O Ne8 16.b4 cxb4
17.cxb4 f5 18.Rac1 fxe4 19.Bxe4 Bf5 20.Bf3 a6 21.Na3 Nf6 22.Nc4 Rac8 23.Nb6 Rxc1
24.Rxc1 Bg4 25.Bxg4 Nxg4 26.f3 Nf6  1/2-1/2

[Event "24th Open"]
[Site "Schwarzach AUT"]
[Date "2009.08.22"]
[Round "8"]
[White "Smirnov,Arte"]
[Black "Zelcic,R"]
[Result "0-1"]
[WhiteElo "2441"]
[BlackElo "2554"]

1.d4 Nf6 2.Bg5 e6 3.Nd2 c5 4.Ne4 Qa5+ 5.Bd2 Qb6 6.Nxf6+ gxf6 7.Bc3 cxd4 8.Bxd4 Bc5
9.e3 Bxd4 10.Qxd4 Qxd4 11.exd4 Ke7 12.f4 f5 13.Nf3 b6 14.Bd3 Bb7 15.Kf2 Be4
16.Rad1 d5 17.Rhe1 Nd7 18.Bxe4 fxe4 19.Ne5 Rac8 20.c3 Rhg8 21.Nxd7 Kxd7 22.Re3 Rg4
23.Rh3 Rg7 24.g3 f5 25.Ke3 Kd6 26.Rh6 b5 27.a3 a5 28.Ra1 Rc6 29.Kd2 Rgc7
30.g4 Rf7 31.g5 Rfc7 32.h4 b4 33.axb4 axb4 34.Rc1 Ra6 35.Rc2 Ra1 36.Ke3 Rh1
37.h5 Rh3+ 38.Ke2 Ra7 39.Rc1 Ra2 40.Rb1 Rh2+ 41.Ke3 bxc3 42.Rxh7 cxb2  0-1

[Event "XXVI Open A"]
[Site "Collado Villalba ESP"]
[Date "2009.08.23"]
[Round "3"]
[White "Rojas Keim,L"]
[Black "Davicce Canada,J"]
[Result "1-0"]
[WhiteElo "2453"]
[BlackElo "2064"]

1.d4 Nf6 2.Bg5 e6 3.e4 h6 4.Bxf6 Qxf6 5.Nc3 Bb4 6.Qd2 b6 7.a3 Bxc3 8.Qxc3 Nc6
9.Nf3 Bb7 10.Bd3 O-O 11.O-O Rac8 12.Rfe1 Ne7 13.Ne5 Rfd8 14.Re3 Qg5 15.Rg3 Qh5
16.Qd2 f6 17.Be2 Qe8 18.Ng4 Kh7 19.Bd3 f5 20.exf5 exf5 21.Re1 Qf8 22.Nxh6 Be4
23.Bxe4 fxe4 24.Ng4 Qf5 25.Ree3 Rh8 26.f3 d5 27.fxe4 dxe4 28.Qe2 Qf4 29.Rxe4 Qc1+
30.Qe1 Qxe1+ 31.Rxe1 Nf5 32.Rh3+ Kg8 33.Rxh8+ Kxh8 34.c3  1-0

[Event "5th Gazi Open"]
[Site "Heraklion GRE"]
[Date "2009.08.23"]
[Round "3"]
[White "Papadakis,M"]
[Black "Zahariev,Z"]
[Result "1/2-1/2"]
[WhiteElo "2123"]
[BlackElo "2399"]

1.d4 Nf6 2.Bg5 e6 3.e4 h6 4.Bxf6 Qxf6 5.c3 d6 6.Bd3 g6 7.Ne2 Bg7 8.O-O Qe7
9.f4 Nd7 10.f5 exf5 11.exf5 g5 12.Ng3 Kf8 13.Re1 Qd8 14.Nd2 d5 15.Nf3 Nf6
16.Ne5 h5 17.c4 c6 18.cxd5 cxd5 19.Qb3 Qd6 20.Rac1 Rb8 21.Ne4 Nxe4 22.Bxe4 Bxe5
23.dxe5 Qb6+ 24.Qxb6 axb6 25.Bxd5 Bxf5 26.Rf1 Bg6 27.Rc7 Rh7 28.e6 f5 29.Rfc1 Re7
30.Rxe7 Kxe7 31.Rc7+ Kf6 32.e7 Be8 33.Bxb7 Ke6 34.Bc6 Bxc6 35.Rxc6+ Kxe7
36.Kf2 Kf7 37.h4 gxh4 38.Kf3 b5 39.Kf4 b4 40.Rc5 Ra8 41.Rxf5+ Ke6 42.Rb5 Rxa2
43.Rxb4 Ra8 44.Re4+ Kf6 45.Re2 Rb8 46.Ke3 Kf5 47.Kd3 Kg4 48.Re4+ Kg3 49.b4 Kxg2
50.Rxh4 Rh8 51.b5 Kg3 52.Rh1 h4 53.Kc4 Kg2 54.Ra1 h3 55.b6 h2 56.Kb5  1/2-1/2

[Event "24th Open"]
[Site "Schwarzach AUT"]
[Date "2009.08.23"]
[Round "9"]
[White "Labeckas,K"]
[Black "Cucinella,V"]
[Result "1/2-1/2"]
[WhiteElo "2400"]
[BlackElo "2152"]

1.d4 Nf6 2.Bg5 e6 3.e4 d6 4.Nc3 Be7 5.f4 h6 6.Bxf6 Bxf6 7.Nf3 c6 8.e5 Be7
9.Bd3 d5 10.Ne2 g6 11.c3 b6 12.h4 h5 13.Ng5 Ba6 14.O-O Bxd3 15.Qxd3 Qc8 16.Rf3 Na6
17.Kh2 Nc7 18.Rg1 Qa6 19.Qc2 Rf8 20.a3 O-O-O 21.Rc1 Kb7 22.a4 Ne8 23.c4 dxc4
24.Rc3 Bxg5 25.fxg5 Nc7 26.Rxc4 Nd5 27.Rxc6 Kb8 28.Qc4 Qxc4 29.R6xc4 Rc8
30.Rxc8+ Rxc8 31.Rxc8+ Kxc8 32.Kg3 Ne3 33.Kf3 Nf5 34.g3 Kd7 35.Ke4 Kc6 36.b4 a6
37.b5+ axb5 38.axb5+ Kxb5 39.d5 Kc5 40.d6 Kc6 41.Nd4+ Nxd4 42.Kxd4 b5 43.Kc3 Kb7
44.Kb3 Kc6 45.Ka3 Kb7 46.Kb4 Kb6  1/2-1/2

[Event "5th Geller Mem Open A"]
[Site "Odessa UKR"]
[Date "2009.08.24"]
[Round "5"]
[White "Rakhmangulov,A"]
[Black "Gorbunov,I RUS"]
[Result "1-0"]
[WhiteElo "2367"]
[BlackElo "2253"]

1.d4 Nf6 2.Bg5 e6 3.c3 b6 4.e4 h6 5.Bxf6 Qxf6 6.Nf3 Bb7 7.Nbd2 c5 8.Bd3 cxd4
9.cxd4 Nc6 10.e5 Qd8 11.a3 Be7 12.Qe2 d6 13.d5 exd5 14.e6 O-O 15.exf7+ Rxf7
16.Qe6 Kf8 17.O-O Qc8 18.Qg6 Rf6 19.Qh5 Ne5 20.Nxe5 dxe5 21.Qxe5 Bd6 22.Qe2 Qe6
23.Qxe6 Rxe6 24.Nf3 Be7 25.Nd4 Re5 26.Rac1 Bf6 27.b4 Ree8 28.Nf5 Bc8 29.Ne3 Bb7
30.Rc7 Re7 31.Rc2 Rd8 32.Nf5 Rf7 33.Re1 Bc8 34.Nd6 Rxd6 35.Rxc8+ Rd8 36.Rc2 Re7
37.Rd1 Kf7 38.g3 Rdd7 39.Bf5 Rd8 40.h4 g6 41.Bd3 Rdd7 42.Rdc1 Be5 43.Rc6 Rd6
44.Rc8 Bb2 45.Rb1 Be5 46.Kg2 Rdd7 47.Rc6 Rd6 48.Rc2 Rdd7 49.Bb5 Rd6 50.Rd1 h5
51.Rd3 Kg7 52.Rcd2 d4 53.Re2 Bf6 54.Rc2 Rde6 55.Rc8 Re1 56.Rf3 R1e6 57.Bc4 Rd6
58.a4 Kh7 59.Bd3 Kg7 60.a5 Be5 61.Rff8 Rf7 62.Rxf7+ Kxf7 63.Rc7+ Kf6 64.f4 Bxf4
65.gxf4  1-0

[Event "XXVI Open A"]
[Site "Collado Villalba ESP"]
[Date "2009.08.26"]
[Round "6"]
[White "Ocana Lameiro,O"]
[Black "Lorite Cruz,F"]
[Result "0-1"]
[WhiteElo "1878"]
[BlackElo "2084"]

1.d4 Nf6 2.Bg5 e6 3.Nd2 c5 4.e3 Nc6 5.c3 b6 6.f4 Be7 7.Bxf6 Bxf6 8.Ngf3 Bb7
9.Bd3 g6 10.O-O Bg7 11.Qe2 Rb8 12.Rad1 Qe7 13.Ba6 d5 14.Ne5 O-O 15.Bxb7 Qxb7
16.Ndf3 c4 17.e4 Rfe8 18.Nxc6 Qxc6 19.e5 b5 20.a3 a5 21.g4 b4 22.axb4 axb4
23.f5 bxc3 24.bxc3 exf5 25.gxf5 Bh6 26.fxg6 hxg6 27.Rb1 Qe6 28.Qg2 Rxb1 29.Rxb1 Qf5
30.Qf1 Kg7 31.h4 Be3+ 32.Kh2 Rh8 33.Re1 Bf4+ 34.Kg1 Bg3 35.Ra1 Rb8 36.Ng5 Bf4
37.Qh3 Rb1+ 38.Rxb1 Qxb1+ 39.Kg2 Qc2+ 40.Kf1 Qd1+ 41.Kf2 Qd2+ 42.Kf1 Be3
43.Qf3 Qd3+ 44.Kg2 Qd2+ 45.Kf1 Bxg5 46.hxg5 Qxg5 47.Qxd5 Qc1+ 48.Kg2 Qc2+
49.Kf1 Qd3+ 50.Kf2 Qxc3 51.Qd7 Qd2+ 52.Kg3 c3 53.Qd8 c2 54.Qf6+ Kg8 55.Qd8+ Kh7
56.Qf8 Qe3+ 57.Kg2 Qf4 58.e6 c1=Q  0-1

[Event "5th Geller Mem Open A"]
[Site "Odessa UKR"]
[Date "2009.08.26"]
[Round "7"]
[White "Rakhmangulov,A"]
[Black "Budnikov,O"]
[Result "1-0"]
[WhiteElo "2367"]
[BlackElo "2411"]

1.d4 Nf6 2.Bg5 e6 3.c3 c5 4.e3 cxd4 5.exd4 Be7 6.Nd2 O-O 7.Bd3 d6 8.Ngf3 Nbd7
9.O-O b6 10.Re1 Bb7 11.Qb1 Re8 12.Bh4 a6 13.a4 Nf8 14.Bxf6 Bxf6 15.Be4 Qc7
16.Bxb7 Qxb7 17.Nc4 Red8 18.Ne3 Ng6 19.Qd1 Nf4 20.g3 Nh3+ 21.Kg2 Ng5 22.d5 Ne4
23.Kg1 b5 24.axb5 axb5 25.Rxa8 Rxa8 26.Nc2 exd5 27.Ne3 d4 28.cxd4 h5 29.h4 b4
30.Ng2 b3 31.Nf4 Ra2 32.Qd3 d5 33.Nxd5 Qxd5 34.Rxe4 g6 35.Re2 Kg7 36.Kg2 Kh7
37.Qc3 Kg7 38.Re3 Qb7 39.Qxb3 Rxb2 40.Qxb7 Rxb7 41.Rd3 Kf8 42.Nd2 Rb4 43.d5 Be5
44.Kf3 Ke7 45.Ne4 Rb5 46.Ke3 f5 47.Ng5 Ra5 48.Kf3 Rb5 49.Nh3 Kd6 50.Nf4 Bxf4
51.Kxf4 Rb4+ 52.Kg5 Rg4+ 53.Kf6 Kd7 54.d6 f4 55.Rd4  1-0